Head to Head: Russia vs United States - Statistics

General Stats
  • This quiz has been taken 213 times
  • The average score is 12 of 15
Answer Stats
Question Answer % Correct
Which has a larger land area? Russia
100%
Which has a larger population? United States
100%
Which has a lower population density? Russia
96%
Which has a warmer average yearly temperature? United States
96%
Which has a longer coastline? Russia
89%
Which had more deaths in World War I? Russia
89%
Which has more summer Olympic gold medals? United States
89%
Which has won more Nobel Prizes? United States
85%
Which launched a human into space first? Russia
78%
Which has the more populated biggest city? United States
78%
Which has a longer border with the country it shares its longest border with? United States
78%
Which has a bigger range between southernmost and northernmost points? United States
67%
Which has more first-level subdivisions? Russia
56%
Which has more land further south than Arctic Circle? Russia
41%
Which has a higher suicide rate? Russia
37%
No matching quizzes found
Score Distribution
Percent of People with Each Score
Percentile by Number Answered
Your Score History
You have not taken this quiz